000 00304nam a22001337a 4500
008 170821b xxu||||| |||| 00| 0 eng d
020 _a9780471271758
041 _aeng
080 _22 ED
_a51
100 _a37
101 _aMAT
245 _aALGEBRA FORM AND FUNCTION
_cCONNALY.M
942 _2udc
_cBK
999 _c24157
_d24157